2936-丹波篠山市(兵庫県)の駅 - Statistics

General Stats
  • This quiz has been taken 25 times
  • The average score is 5 of 5
Answer Stats
Answer % Correct
篠山口
100%
丹波大山
95%
南矢代
90%
古市
90%
草野
85%
No matching quizzes found
Score Distribution
Percent of People with Each Score
Percentile by Number Answered
Your Score History
You have not taken this quiz